000 00617cam a2200205 4500
001 BCSN005052
008 t1991 mx a gr spa
020 _a9684229259
035 _aBCSN005052
050 0 0 _aQA157
_bS62 1991
100 1 _aSpiegel, Murray R.
245 0 0 _aAlgebra superior /
_cMurray R. Spiegel ; tr. y adaptacion Luis Gutierrez Diez, Angel Gutierrez Vazquez.
260 _aMexico :
_bMcGraw-Hill,
_c1991
300 _a312 p. ;
_c27 cm.
504 _aIncluye indice
650 1 0 _aAlgebra
700 1 _aGutierrez Diez, Luis, tr.
700 1 _aGutierrez Vazquez, Angel, tr.
942 _2lcc
_cLIB
999 _c82051
_d82051